书目信息 |
| 题名: |
体育建筑设计
|
|
| 作者: | ;北京市建筑设计院 编 | |
| 分册: | ||
| 出版信息: | 北京 中国建筑工业出版社 1981 |
|
| 页数: | 458页 | |
| 开本: | 25cm | |
| 丛书名: | ||
| 单 册: | ||
| 中图分类: | TU245 | |
| 科图分类: | ||
| 主题词: | 体育建筑-建筑设计 , 建筑设计-体育建筑 | |
| 电子资源: | ||
| ISBN: | ||
| 000 | 00711nam0 2200241 45 | |
| 001 | 0181006410 | |
| 005 | 20060704174334.43 | |
| 010 | @b精装@dCNY5.35 | |
| 091 | @a15040.3975 | |
| 100 | @a19950424d1981 emky0chiy0121 ea | |
| 101 | 0 | @achi |
| 102 | @aCN@b110000 | |
| 105 | @ay z 000yy | |
| 200 | 10 | @a体育建筑设计@Ati yu jian zhu she ji@f北京市建筑设计院编@Fbei jing shi jian zhu she ji yuan bian |
| 210 | @a北京@c中国建筑工业出版社@d1981 | |
| 215 | @a458页@d25cm | |
| 606 | @a体育建筑-建筑设计 | |
| 606 | @a建筑设计-体育建筑 | |
| 690 | @aTU245@v3 | |
| 711 | 02 | @a北京市建筑设计院@Abei jing shi jian zhu she ji yuan@4编 |
| 801 | 2 | @aCN@bNLC@c20060704 |
| 801 | 0 | @aCN@bTSSF |
| 905 | @a10447@dTU245@e177 | |
| 体育建筑设计/北京市建筑设计院编.-北京:中国建筑工业出版社,1981 |
| 458页;25cm |
| ISBN (精装):CNY5.35 |
| ● |
| 相关链接 |
|
|
|
|
正题名:体育建筑设计
索取号:TU245/177
 
预约/预借
| 序号 | 登录号 | 条形码 | 馆藏地/架位号 | 状态 | 备注 |
| 1 | 0050824 | 001480463 | 密集书库/ [索取号:TU245/177] | 在馆 |